Countries By Spellings - Statistics

General Stats
  • This quiz has been taken 25 times
    22 since last reset
  • The average score is 55 of 85
Answer Stats
Spelling Country % Correct
-stan Kazakhstan
89%
-stan Afghanistan
83%
-bia Serbia
83%
South- South Korea
83%
Plurals United States
83%
United- United States
83%
-bia Colombia
78%
-gia Georgia
78%
-dia India
78%
-stan Kyrgyzstan
78%
-via Latvia
78%
-bya Libya
78%
North- North Korea
78%
-stan Pakistan
78%
-kia Slovakia
78%
-stan Turkmenistan
78%
Plurals United Arab Emirates
78%
United- United Arab Emirates
78%
United- United Kingdom
78%
-nia Albania
72%
-lia Australia
72%
-bia Gambia
72%
-Guinea Guinea
72%
-Guinea Guinea-Bissau
72%
-land Iceland
72%
-sia Indonesia
72%
-nia North Macedonia
72%
North- North Macedonia
72%
-cia Saint Lucia
72%
Saint- Saint Lucia
72%
-nia Slovenia
72%
South- South Africa
72%
-stan Tajikistan
72%
-stan Uzbekistan
72%
-bia Zambia
72%
-ria Austria
67%
-nia Bosnia and Herzegovina
67%
-nia Estonia
67%
-bia Namibia
67%
-land(s) Netherlands
67%
Plurals Netherlands
67%
-Guinea Papua New Guinea
67%
Saint- Saint Kitts and Nevis
67%
Saint- Saint Vincent and the Grenadines
67%
-Islands Solomon Islands
67%
Plurals Solomon Islands
67%
South- South Sudan
67%
-land Thailand
67%
-ria Algeria
61%
-nia Armenia
61%
-ria Bulgaria
61%
-tia Croatia
61%
-chia Czech Republic
61%
-Guinea Equatorial Guinea
61%
-nia Lithuania
61%
-sia Malaysia
61%
-Islands Marshall Islands
61%
Plurals Marshall Islands
61%
-nia Mauritania
61%
-ria Nigeria
61%
-land Poland
61%
-bia Saudi Arabia
61%
-lia Somalia
61%
-via Bolivia
56%
-dia Cambodia
56%
-land Finland
56%
-land Ireland
56%
-sia Micronesia
56%
-nia Romania
56%
-sia Russia
56%
-ria Syria
56%
-sia Tunisia
56%
-pia Ethiopia
50%
-land New Zealand
50%
-land Switzerland
50%
-ria Liberia
44%
Plurals Philippines
44%
Plurals Seychelles
44%
-nia Tanzania
44%
Plurals Maldives
39%
Plurals Comoros
33%
-lia Mongolia
33%
Plurals Bahamas
28%
-land Eswatini
28%
Plurals Honduras
22%
No matching quizzes found
Score Distribution
Percent of People with Each Score
Percentile by Number Answered
Your Score History
You have not taken this quiz since the last reset